000 00590nam a2200217Ia 4500
005 20250508165150.0
008 008 250505s9999 xx 000 0 eng d
037 _aTextual
040 _aFEDL
_beng
_cFEDL
041 _aeng
_2eng
084 _a512.33, FRA
_qFEDL
100 _aFraleigh John B
245 0 _aFirst course in abstract algebra
250 _a5
260 _aMassachusetts, USA
_bAddison-Wesley Longman
_c1999
300 _axi,556p.
365 _aINR
_b260
546 _aRSPEE; Indian reprint
942 _cTEXL
_h512.33, FRA
999 _c1393536
_d1393536